| 000 | 00718nam a22002057a 4500 | ||
|---|---|---|---|
| 999 |
_c10406 _d10406 |
||
| 003 | AR-CdUCM | ||
| 008 | 190401b ||||| |||| 00| 0 spa d | ||
| 040 |
_aMUNICIPALIDAD PROVINCIAL DEL CUSCO _cBIBLIOTECA MUNICIPAL DEL CUSCO |
||
| 082 |
_23ed. _aES / 800 / _bG22 |
||
| 245 |
_aHoracio Nelson : _bVida y Gloriosos Hechos del Gran Almirante Inglés / |
||
| 260 |
_aBarcelona : _bAraluce ; _c1956. |
||
| 300 |
_a149 páginas ; _c15cm _bIlustraciones |
||
| 440 |
_aLos Grandes Hechos de los Grandes Hombres _927218 |
||
| 505 | _aContenido: Novela | ||
| 650 |
_aNovela _9572 |
||
| 650 |
_aLiteratura juvenil _91580 |
||
| 700 |
_aGarcía, Celso (narrados a la juventud) _927242 |
||
| 942 |
_2ddc _cLIBROS |
||
| 945 | _anom | ||